banner koha

Salt tolerance during the seedling production stage of Catharanthus roseus, Tagetes patula and Celosia argentea (Registro n. 86605)

MARC details
000 -LÍDER
fixed length control field 04614nab a2200313 i 4500
003 - CÓDIGO MARC DA AGÊNCIA CATALOGADORA
Campo de controle BR-BrBNA
005 - DATA E HORA DA ÚLTIMA ATUALIZAÇÃO
Campo de controle 20231031101738.0
008 - CAMPO DE TAMANHO FIXO
fixed length control field 231031b2020 bl.qr|pooa||| 00| 0 eng |
040 ## - FONTE DA CATALOGAÇÃO
Agência catalogadora BR-BrBNA
Idioma da catalogação eng
072 ## - CATEGORIA AGRIS
Código AGRIS H50
100 ## - ENTRADA PRINCIPAL - NOME PESSOAL
Nome pessoal Bezerra, Francisco Mardones Servulo
100 ## - ENTRADA PRINCIPAL - NOME PESSOAL
Nome pessoal Lacerda, Claudivan Feitosa de
100 ## - ENTRADA PRINCIPAL - NOME PESSOAL
Nome pessoal Ruppenthal, Viviane
100 ## - ENTRADA PRINCIPAL - NOME PESSOAL
Nome pessoal Cavalcante, Eduardo Santos
100 ## - ENTRADA PRINCIPAL - NOME PESSOAL
Nome pessoal Oliveira, Adriana Cruz de
245 ## - TÍTULO PRINCIPAL
Título principal Salt tolerance during the seedling production stage of Catharanthus roseus, Tagetes patula and Celosia argentea
500 ## - NOTA GERAL
Nota geral <br/><br/>Publicação on-line; 28 ref.; 3 tables; Summaries (En, Pt)
942 ## - ADDED ENTRY ELEMENTS (KOHA)
Koha item type
520 ## - NOTA DE RESUMO
Nota de conteúdo <br/><br/><br/>ABSTRACT - The guarantee of water supply for irrigated agriculture in the semi-arid region must necessarily involve the use<br/>of lower quality water, such as brackish water. The objective of the present work was to evaluate the tolerance to salinity of<br/>the ornamental species Catharanthus roseus, Tagetes patula and Celosia argentea, using different methods. The experiment<br/>was conducted in a randomized block, arranged in a 10 x 3 factorial scheme, corresponding to 10 saline concentrations of<br/>irrigation water (ECw 0.5; 1.0; 1.5; 2.0; 2.5; 3.0; 3.5; 4.0; 5.0 and 6.0 dS m-1) and 3 ornamental species. Four salinity tolerance<br/>assessment methods were tested, using relative values or percentages of reduction in quantitative and qualitative analyses. The<br/>different methods show the highest sensitivity to salinity of C. roseus, in the seedling production stage, compared to T. patula<br/>and C. argentea species. The methods of threshold salinity and ORN index led to similar results in terms of classification of<br/>salt tolerance, with C. roseus classified as sensitive and T. patula and C. argentea as moderately sensitive. The method of<br/>Fageria (1985) allowed good separation of the species, with tolerance limits of 1.5, 2.5 and 3.5 dS m-1, respectively for C.<br/>roseus, T. patula and C. argentea. It is obvious from the comparison with literature data that the seedling production stage is<br/>more sensitive to salt stress, and it is necessary to carry out new studies aimed at attenuating the effects of stress at this stage,<br/>through the use of management techniques.<br/><br/><br/>Key words: Salt Stress. Ornamental plants. Sensory evaluation. Irrigation
520 ## - NOTA DE RESUMO
Nota de conteúdo <br/><br/><br/>RESUMO - A garantia do abastecimento de água para agricultura irrigada no semiárido deve passar necessariamente pelo uso<br/>de águas de qualidade inferior, como as águas salobras. O objetivo do presente trabalho foi avaliar a tolerância à salinidade<br/>para as espécies ornamentais Catharanthus roseus, Tagetes patula e Celosia argentea, utilizando-se diferentes métodos. O<br/>experimento foi conduzido em blocos ao acaso, arranjado em esquema fatorial 10 x 3, correspondendo a 10 concentrações<br/>salinas da água de irrigação (CEa 0,5; 1,0; 1,5; 2,0; 2,5; 3,0; 3,5; 4,0; 5,0 e 6,0 dS m-1) e 3 espécies de plantas ornamentais.<br/>Quatro métodos de avaliação da tolerância à salinidade foram testados, utilizando valores relativos ou percentuais de redução<br/>das análises quantitativas e qualitativas. Os diferentes métodos evidenciam maior sensibilidade à salinidade de C. roseus, na<br/>fase de produção de mudas, em relação às espécies T. patula e C. argentea. Os métodos da salinidade limiar e do índice ORN<br/>apresentaram resultados semelhantes, sendo C. roseus classificada como sensível e as espécies T. patula e C. argentea como<br/>moderadamente sensíveis à salinidade. O método de Fageria (1985) permitiu boa separação das espécies, com limites de<br/>tolerância de 1,5; 2,5 e 3,5 dS m-1, respectivamente para C. roseus, T. patula e C. argentea. Fica óbvio pela comparação com<br/>dados da literatura que a fase de produção de mudas é mais sensível ao estresse salino, sendo necessária a realização de novos<br/>estudos que visem atenuar os efeitos do estresse nessa fase, mediante o emprego de técnicas de manejo.<br/><br/><br/><br/><br/><br/><br/><br/>Palavras-chave: Estresse salino. Plantas ornamentais. Análise sensorial. Irrigação.
650 ## - ASSUNTO - THESAGRO
Cabeçalho tópico ou nome geográfico PLANTA ORNAMENTAL
650 ## - ASSUNTO - THESAGRO
Cabeçalho tópico ou nome geográfico MUDA
650 ## - ASSUNTO - THESAGRO
Cabeçalho tópico ou nome geográfico SALINIDADE
650 ## - ASSUNTO - THESAGRO
Cabeçalho tópico ou nome geográfico STRESS
650 ## - ASSUNTO - THESAGRO
Cabeçalho tópico ou nome geográfico IRRIGAÇÃO
773 0# - ENTRADA ANALÍTICA
Host Biblionumber 4290
Registro do item 25562
Imprenta Fortaleza-CE Universidade Federal do Ceará. Centro de Ciências Agrárias 2002
Outro identificador 2023-436128
Título Revista Ciência Agronômica (Brazil)
ISSN 0045-6888; 1806-6690 (on-line)
Colação v. 51(3) p. 1-9; (2020)
Número de controle de registro BR20230011142
856 ## - ACESSO E ENDEREÇO ELETRÔNICO
Identificador uniforme de recurso - URI https://www.scielo.br/j/rca/a/FWwT94gtkh6BPnCx5DXR8QL/?format=pdf&lang=en

Nenhum exemplar disponível.

BINAGRI

Telefone: (61)3218-2567/2388/3357/2097 - binagri@agro.gov.br

Ministério da Agricultura e Pecuária , Esplanada dos Ministérios, Bloco D, Anexo B, Brasília/DF, CEP: 70.043-900